000
00216 a2200097 4500
001
47933
100
_a
Bamboraugh
245
_a
Treasures of Islam
260
_a
G Britian
_b
Philip Bambrough
_c
090
_c
30928
_d
30928
942
_a
NUST-CAE
_c
M
_c
23256
999
_c
283006
_d
283006